Armadillo / (Record no. 119638)
[ view plain ]
| 000 -LEADER | |
|---|---|
| fixed length control field | 00627mam a2200241 a 4500 |
| 001 - CONTROL NUMBER | |
| control field | 2111149 |
| 003 - CONTROL NUMBER IDENTIFIER | |
| control field | ARRUPE |
| 005 - DATE AND TIME OF LATEST TRANSACTION | |
| control field | 20140122105809.0 |
| 008 - FIXED-LENGTH DATA ELEMENTS--GENERAL INFORMATION | |
| fixed length control field | 980302s1998 enk 000 0 eng d |
| 010 ## - LIBRARY OF CONGRESS CONTROL NUMBER | |
| LC control number | gb 98018743 |
| 015 ## - NATIONAL BIBLIOGRAPHY NUMBER | |
| National bibliography number | GB98-18743 |
| 020 ## - INTERNATIONAL STANDARD BOOK NUMBER | |
| International Standard Book Number | 0241139287 (hbk) |
| 020 ## - INTERNATIONAL STANDARD BOOK NUMBER | |
| International Standard Book Number | 0241139309 (pbk) |
| 035 ## - SYSTEM CONTROL NUMBER | |
| System control number | (OCoLC)ocm38549989 |
| 040 ## - CATALOGING SOURCE | |
| Original cataloging agency | UKM |
| Transcribing agency | UKM |
| Modifying agency | GZM |
| 090 ## - LOCALLY ASSIGNED LC-TYPE CALL NUMBER (OCLC); LOCAL CALL NUMBER (OCLC) | |
| Classification number (OCLC) (R) ; Classification number, CALL (RLIN) (NR) | PR6052.O9192 |
| Local cutter number (OCLC) ; Book number/undivided call number, CALL (RLIN) | A66 1998b |
| 300 ## - PHYSICAL DESCRIPTION | |
| Dimensions | 24 cm. |
| 100 1# - MAIN ENTRY--PERSONAL NAME | |
| Personal name | Boyd, William, |
| Dates associated with a name | 1952- |
| 9 (RLIN) | 6889 |
| 245 10 - TITLE STATEMENT | |
| Title | Armadillo / |
| Statement of responsibility, etc | William Boyd. |
| 260 ## - PUBLICATION, DISTRIBUTION, ETC. (IMPRINT) | |
| Place of publication, distribution, etc | London : |
| Name of publisher, distributor, etc | Hamish Hamilton, |
| Date of publication, distribution, etc | 1998. |
| 300 ## - PHYSICAL DESCRIPTION | |
| Extent | 309 p. ; |
| 942 ## - ADDED ENTRY ELEMENTS (KOHA) | |
| Source of classification or shelving scheme | Library of Congress Classification |
| Koha item type | Monograph ( Printed materials) |
| Withdrawn status | Lost status | Source of classification or shelving scheme | Damaged status | Not for loan | Home library | Current library | Date acquired | Total Checkouts | Full call number | Barcode | Date last seen | Price effective from | Koha item type |
|---|---|---|---|---|---|---|---|---|---|---|---|---|---|
| Library of Congress Classification | ARRUPE LIBRARY | ARRUPE LIBRARY | 22/01/2014 | PZ4.B789A6 | 464122769 | 02/07/2019 | 22/01/2014 | Monograph ( Printed materials) |